00899nam a2200253 i 4500001000300000100002200003245013100025250004100156260003000197300002100227650005600248655001400304710004400318020001500362040000800377041000800385080002200393920001800415942000700433008004100440999001700481856009800498952004900596bg1 aGUTKOWSKI, Bogdan10aAktualne przepisy w ochronie środowiska i inwestycjach /caut. Bogdan Gutkowski ; Agencja Ochrony Środowiska w Koszalinie. aStan prawny na dzień 10.03.2004 r. aKoszalin :bAOŚ,c2004. a389 s. ;c30 cm. 9aPrawo ochrony środowiskazPolskaystan na 2004 r. aPoradniki 0aAgencja Ochrony Środowiska (Koszalin) a8392047303 cBPK0 apol a349.6(438)(083.1) a83-920473-0-3 cKS s pl f |000 0 pol  c44020d44020 uhttp://koha.tu.koszalin.pl/cgi-bin/koha/opac-detail.pl?biblionumber=44020yKatalog online BPK 00104070aBPKbBPKcwo70627p02151519yKS